| 000 | 01013nam a2200265 i 4500 | ||
|---|---|---|---|
| 001 | 22167 | ||
| 003 | ES-MaACL | ||
| 005 | 20250825062717.0 | ||
| 007 | t| | ||
| 008 | 000313s1985 sp af ||||1|bspa d | ||
| 040 | _cES-MaACL | ||
| 080 | _a929:75 Anselma | ||
| 100 | 1 |
_aAzcue Brea, Leticia _eaut _924279 |
|
| 245 | 1 | 0 |
_aMadame Anselma, pintora gaditana de origen ruso, en la Real Academia de Bellas Artes de San Fernando / _cpor Leticia Azcue Brea |
| 260 |
_aMadrid : _bReal Academia de Bellas Artes de San Fernando, _c1985 |
||
| 300 |
_a11 hojas, 3 hojas de láminas ; _c25 cm |
||
| 504 | _aBibliografía | ||
| 600 | 1 | 4 |
_aGessler de Lacroix, Alejandrina, _d1831-1907 _9148296 |
| 655 | 0 |
_aBiografías _9176647 |
|
| 710 | 2 |
_aReal Academia de Bellas Artes de San Fernando _eedt _96291 |
|
| 852 |
_aES-MaACL _cDEPO2 _gDedicatoria autógrafa de la autora _hDonación Leticia Azcue Brea _jL-10393 _922971 |
||
| 942 |
_cMONOGRAFIA _n0 |
||
| 999 |
_c22167 _d22167 |
||